书目信息 |
| 题名: |
企业会计模拟实践教程
|
|
| 作者: | 徐光武 主编 | |
| 分册: | ||
| 出版信息: | 北京 中国轻工业出版社 1999.08 |
|
| 页数: | 321页 | |
| 开本: | 16开 | |
| 丛书名: | ||
| 单 册: | ||
| 中图分类: | F275.2 | |
| 科图分类: | ||
| 主题词: | 企业经济 | |
| 电子资源: | ||
| ISBN: | 7-5019-2542-9 | |
| 000 | 00570nam0 2200193 45 | |
| 001 | 0009290889 | |
| 005 | 20000929083717.4 | |
| 010 | @a7-5019-2542-9@d30.00元 | |
| 100 | @a20000929d1999 km y0chiy0120 ea | |
| 101 | 0 | @achi |
| 105 | @a z 000yy | |
| 200 | 1 | @a企业会计模拟实践教程@AQi Ye Kuai Ji Mo Ni Shi Jian Jiao Cheng@f徐光武主编@FXu Guang Wu Zhu Bian |
| 210 | @a北京@c中国轻工业出版社@d1999.08 | |
| 215 | @a321页@d16开 | |
| 606 | 0 | @a企业经济 |
| 690 | @aF275.2@v3 | |
| 701 | 0 | @a徐光武@4主编 |
| 801 | @aCN@bPftUser@c20000929 | |
| 905 | @b158080-082@dF275.2@eX861@f3 | |
| 企业会计模拟实践教程/徐光武主编.-北京:中国轻工业出版社,1999.08 |
| 321页;16开 |
| ISBN 7-5019-2542-9:30.00元 |
| ● |
| 相关链接 |
|
|
|
正题名:企业会计模拟实践教程
索取号:F275.2/X861
 
预约/预借
| 序号 | 登录号 | 条形码 | 馆藏地/架位号 | 状态 | 备注 |
| 1 | 158080 | 201580805 | 社科库409/409社科库 96排2列1层/ [索取号:F275.2/X861] | 在馆 | |
| 2 | 158081 | 201580814 | 社科二线422/409社科库 95排3列1层/ [索取号:F275.2/X861] | 在馆 | |
| 3 | 158082 | 201580823 | 社科二线422/409社科库 95排3列1层/ [索取号:F275.2/X861] | 在馆 |